00381pab a2200145 454500008004000000100001700040245005900057260000900116300001500125362000800140650001900148650002000167650001200187773003600199180718b2013 xxu||||| |||| 00| 0 eng d aJha, Brajesh aHow important is off-farm income for farmers in India? c2013 ap.557-564. aJan aIncome - India aFarmers - India aFarmers aAgricultural Situation in India